000 01151nam a22001937a 4500
003 JO-AjAnu
005 20250715055138.0
008 250715b jo ||||| |||| 00| 0 ara d
040 _aANU
_cJO-AjAnu
041 _hARA
100 _aالقضاة، هنيدا علي حمدان
_eمعد
_966581
245 _aفاعلية برنامج تعليمي قائم على أنشطة منتسوري في تنمية مفاهيم الرياضيات لدى طلبة صعوبات التعلم = The Effectiveness an Educational Program Based on Montessori Activities in Developing Mathematical Concepts with Learning Disabilities.
_c / إعداد هنيدا علي حمدان القضاة ؛ اشراف محمد احمد شحاده العمري
260 _c2025
300 _a97 ورقة
500 _aرسالة جامعية (رسالة ماجستير في التربية الخاصة) - جامعة عجلون الوطنية (الاردن-عجلون) - كلية العلوم التربوية ، 2025
650 _vصعوبات التعلم-الرياضيات
700 _aالعمري، محمد احمد شحاده
_eمشرف
_966582
942 _2lcc
_cTHS
_n0
999 _c33939
_d33939